| 000 | 03516nam a2200577 i 4500 | ||
|---|---|---|---|
| 001 | 196983 | ||
| 003 | ES-MaACL | ||
| 005 | 20250809063550.0 | ||
| 006 | m o d | | ||
| 007 | cr cnu|||||||| | ||
| 008 | 250218s2012 mx aco fob 000 0 spa d | ||
| 020 | _a9786074623932 | ||
| 035 | _a(CKB)3710000000359213 | ||
| 035 | _a(SSID)ssj0001440463 | ||
| 035 | _a(PQKBManifestationID)12533896 | ||
| 035 | _a(PQKBTitleCode)TC0001440463 | ||
| 035 | _a(PQKBWorkID)11384844 | ||
| 035 | _a(PQKB)11762064 | ||
| 035 | _a(MiAaPQ)EBC6917609 | ||
| 035 | _a(OCoLC)1298601965 | ||
| 035 | _a(FINmELB)ELB193703 | ||
| 035 | _a(EXLCZ)993710000000359213 | ||
| 040 |
_aFINmELB _bspa _erda _cFINmELB |
||
| 043 | _ae-sp--- | ||
| 050 | 4 |
_aF1411 _b.I535 2013 |
|
| 082 | 0 |
_a946.03 _223 |
|
| 245 | 0 | 4 |
_aLas Indias Occidentales : _bprocesos de incorporación territorial a las monarquías Ibéricas (siglos XVI a XVIII) / _cÓscar Mazín y José Javier Ruiz Ibáñez, editores. |
| 250 | _aPrimera edición: 2012 | ||
| 264 | 1 |
_aMéxico, D.F. : _bEl Colegio de México, Centro de Estudios Históricos : _bEspaña : _bRed Columnaria, _c2013. |
|
| 300 |
_a471 páginas : _bilustraciones, retratos, fotos (algunas color) ; _c22 cm |
||
| 336 |
_atexto _btxt _2rdacontent |
||
| 337 |
_asin mediación _2rdamedia |
||
| 338 |
_avolumen _2rdacarrier |
||
| 504 | _aIncluye referencias bibliográficas. | ||
| 505 | 0 | _aTierra y gobierno en la PenInsula Ibérica medieval / Adeline Rucquoi -- Integrar un mundo : dinámicas de agregación y de cohesión en la monarquia de España / Xavier Gil Pujol -- La integración de los Países Bajos en la Monarquía hispánica / José Javier Ruiz Ibáñez -- El espacio italiano de la monarquía : distintos caminos hacia una sola integración / Gustavo Sabatini -- La expansión de la corona portuguesa y el estatuto político de los territorios / Pedro Cardim y Susana Münch Miranda -- Nueva España en el siglo XVI : territorio sin integración : reino imaginario / Bernardo García Martínez -- Los Andes : la constitución del Perú virreinal / Manfredi Merluzzi -- Espacio, recursos y territorio : la gobernación del RIos de la Plata durante el reinado de Felipe V / Griselda Beatriz Tarragó -- La organización de los espacios americanos en la monarquía española (siglos XVI a XVIII) / Marcello Carmagnani -- La conquista misionera del noroeste novohispano, 1590-1620 / Bernal Hansburger -- La circulación de imágenes en fiesta y ceremonias y la pintura de Nueva España / Nelly Sigaut -- Pisando huellas : el devinir de la soberanía : de conquistas, rupturas y revoluciones (siglos XVI-XIX) / Thomas Calvo. | |
| 588 | _aDescripción basada en metadatos suministrados por el editor y otras fuentes. | ||
| 650 | 0 |
_aMonarquía- _zEspaña- _yS.XVI _9239753 |
|
| 650 | 7 |
_aMonarquía- _zEspaña- _yS.XVII _9148390 |
|
| 650 | 0 |
_aMonarquía- _zEspaña- _yS.XVIII _9239755 |
|
| 651 | 4 |
_aAmérica Latina- _xHistoria _97747 |
|
| 651 | 4 |
_aEspaña- _xColonias- _98175 _vHistoria |
|
| 651 | 0 |
_aEspaña- _xExpansión territorial _9239758 |
|
| 700 | 1 |
_aMazín Gómez, Óscar _9239763 _epbl |
|
| 700 | 1 |
_aRuiz Ibáñez, José Javier _9157846 _epbl |
|
| 852 |
_aES-MaACL _cDEPOJ _jN-10361 _xEncuadernación rústica con solapas _9206483 _hDonación: Editorial |
||
| 942 |
_cMONOGRAFIA _n0 |
||
| 999 |
_c196983 _d196983 |
||